NFL Decoder #1 - Statistics

General Stats
  • This quiz has been taken 67 times
    38 since last reset
  • The average score is 19 of 32
Answer Stats
Hint Answer % Correct
E How many players one team has on the field Eleven
100%
R Team that played home games in St. Louis from 1995 to 2015 Rams
91%
N State that the Raiders play their home games Nevada
83%
W School where QB Josh Allen played college football Wyoming
83%
W Quarterback traded from the Texans to the Browns in 2022 Watson
80%
A Aaron Rodgers tore his _______ in his first career game with the Jets in 2023 Achilles
77%
M Nickname of Stefon Diggs' game-winning touchdown against the Saints in the 2017 divisional round "_________ Miracle" Minneapolis
74%
N Player that popularized "The Dab," Cam ______ Newton
74%
O Browns vs Bengals - "Battle of _____" Ohio
74%
A Super Bowl XXVII MVP, Troy _______ Aikman
71%
G Position group that includes Zach Martin, Joel Bitonio, Bruce Matthews, Gene Upshaw, etc. Guard
71%
T In 2021, this player set the record for longest goal ever made, 66 yards Tucker
71%
A Tight end with the most-ever touchdowns, ________ Gates Antonio
69%
N City that the Titans play their home games Nashville
69%
R Term for tackling the quarterback after the pass is thrown, __________ the Passer Roughing
69%
T Where Peyton Manning played college football Tennessee
66%
G The NFL had its first game played in this country in 2022, it was between the Seahawks and Buccaneers Germany
63%
E Monday Night Football is broadcasted on both ABC and ____ ESPN
60%
N Former Chiefs running back Christian Okoye's nickname, "The __________ Nightmare" Nigerian
60%
I Nickname of Franco Harris' legendary catch in the 1972 divisional round "The ___________ Reception" Immaculate
57%
I After a close, reviewed play, announcers often say "football is a game of ________" Inches
57%
I City where the NFL Combine is held every year Indianapolis
57%
A The Cowboys home stadium isn't in Dallas, it's in ________ Arlington
54%
H City that hosted Super Bowls VIII, XXXVIII, and LI Houston
51%
E Term for a defensive player making contact with an offensive player before the ball is snapped Encroachment
49%
E 1988 NFL MVP, Boomer _______ Esiason
49%
T Host city of Super Bowl XXX (Hint: Home of Arizona State University) Tempe
40%
G City the Arizona Cardinals play their home games Glendale
37%
U Super Bowl LVIII halftime performer Usher
34%
E Stadium where the Jaguars play, _______ Stadium EverBank
20%
We're gonna win the game, I guarantee it
14%
E Nickname of 1981 divisional round game between the Chargers and Dolphins "_____ in Miami" Epic
9%
No matching quizzes found
Score Distribution
Percent of People with Each Score
Percentile by Number Answered
Your Score History
You have not taken this quiz since the last reset